| 000 | 00631nam a2200241Ia 4500 | ||
|---|---|---|---|
| 003 | OSt | ||
| 005 | 20220918214424.0 | ||
| 006 | a|||||r|||| 00| 0 | ||
| 007 | ta | ||
| 008 | 220917b |||||||| |||| 00| 0 eng d | ||
| 024 | _a137,429 | ||
| 037 | _cTextual | ||
| 040 |
_aARTS _cARTS _beng |
||
| 041 |
_2eng _aeng |
||
| 082 | _aY:351.34, L3 | ||
| 100 |
_aYeats W B Ed _919974 |
||
| 245 | 0 | _aFairy and folk tales of Ireland | |
| 260 |
_aGerrards _bCross Colin Smythe _c1972 |
||
| 300 |
_axvi, 389p. _ccm. |
||
| 650 | _aSOCIOLOGY | ||
| 942 |
_hY:351.34, L3 _cTEXL _2CC |
||
| 999 |
_c260510 _d260510 |
||